000 00480nam a22001937a 4500
003 MPLRDC
005 20220104144000.0
008 210129b ||||| |||| 00| 0 eng d
020 _a957-8300-35-2
082 _a225.5 ZYFS-2 v.4
100 _a证严法师
245 _a人有二十难
_c
250 _a再版
260 _a
_b慈济文化出版社
_c1999
300 _b
490 _a佛典系列. 3
650 _a佛教教化法, 教育
942 _cBK
_o225.5 ZYFS-2 v.4
999 _c45234
_d45224